| 000 | 01761nam0a2200313 4500 | ||
|---|---|---|---|
| 001 | RU\NLR\bibl\510374 | ||
| 005 | 20260407073609.0 | ||
| 010 |
_a5-85907-153-1 _915000 |
||
| 035 | _a(NLR Aleph) 000502878 | ||
| 090 |
_a1184616 _c1184616 |
||
| 100 | _a20040412d1999 |||y0rusy50 ca | ||
| 101 | 0 | _arus | |
| 102 | _aRU | ||
| 105 | _aa ||||||||| | ||
| 200 | 1 |
_aАвтомобили семейства ВАЗ-2106 _eРук. по техн. обслуживанию и ремонту _eМодели ВАЗ-2106, -21061, -21063, -21065 _eС рекомендациями журн. "За рулем" _f[К.Б. Пятков и др.] |
|
| 210 |
_aМ. _cЗа рулем _d1999 |
||
| 215 |
_a216 с. _cил., цв. ил. _d29 |
||
| 606 | 0 |
_aАвтомобили ВАЗ "Жигули" _jРуководства, пособия и т.п. _xРемонт _91047842 _3RU\NLR\auth\6686503 |
|
| 606 | 0 |
_aАвтомобили ВАЗ "Жигули" _jРуководства, пособия и т.п. _xТехническое обслуживание _92065767 _3RU\NLR\auth\661240303 |
|
| 606 | 0 |
_a"Жигули", легковые автомобили _jРуководства, пособия и т.п. _xРемонт _92083200 _3RU\NLR\auth\661259250 |
|
| 606 | 0 |
_a"Жигули", легковые автомобили _jРуководства, пособия и т.п. _xТехническое обслуживание _92121661 _3RU\NLR\auth\661281086 |
|
| 686 | _aО335.52-08я7"Жигули" | ||
| 702 | 1 |
_aПятков _bК. Б. _gКонстантин Борисович _4220 |
|
| 711 | 0 | 2 |
_a"За рулем", журнал _cМосква _3RU\NLR\AUTH\8810037480 _9573678 |
| 801 | 0 |
_aRU _bNLR _c20040412 _gPSBO |
|
| 801 | 1 |
_aRU _bNLR _c20040412 |
|
| 942 | _cBOOK | ||
| 980 | _aNB | ||